[Event "IECC CL6-2008.08 email"]
[Site "IECC email"]
[Date "2008.10.14"]
[Round "?"]
[White "Hiaja, Herve"]
[Black "Prieto, Alfonso Polo"]
[Result "1-0"]
[WhiteElo "1342"]
[BlackElo "1216"]
[PlyCount "59"]
[EventDate "2008.??.??"]
[EventType "tourn (corr)"]
[EventRounds "4"]
[SourceTitle "Corr 2013"]
[Source "ChessBase"]
[SourceDate "2012.11.12"]
[SourceVersion "1"]
[SourceVersionDate "2012.11.12"]
[SourceQuality "1"]
[WhiteTeam "Greece"]
[BlackTeam "Brazil"]
[WhiteTeamCountry "GRE"]
[BlackTeamCountry "BRA"]

1. e4 d6 2. d4 c6 3. f4 Nf6 4. Bd3 Bg4 5. Nf3 d5 6. e5 Ne4 7. Nbd2 Nxd2 8. Bxd2 Qb6 9. Bc3 e6 10. h3 Bxf3 11. Qxf3 Bb4 12. 0-0 c5 13. Qe3 Nc6 14. Bxb4 cxb4 15. c3 bxc3 16. bxc3 0-0 17. f5 exf5 18. Rxf5 Rae8 19. Rh5 h6 20. Rb1 Qa5 21. Rxh6 gxh6 22. Qxh6 f5 23. Qg6+ Kh8 24. Bxf5 Rxf5 25. Qxe8+ Kg7 26. Rxb7+ Kh6 27. Qe6+ Kg5 28. Rg7+ Kf4 29. Rg4+ Ke3 30. Qxf5 1-0

[Event "IECC CL6-2008.08 email"]
[Site "IECC email"]
[Date "2008.10.14"]
[Round "?"]
[White "Prieto, Alfonso Polo"]
[Black "Akins, Craig"]
[Result "0-1"]
[WhiteElo "1186"]
[BlackElo "1328"]
[PlyCount "82"]
[EventDate "2008.??.??"]
[EventType "tourn (corr)"]
[EventRounds "4"]
[SourceTitle "Corr 2013"]
[Source "ChessBase"]
[SourceDate "2012.11.12"]
[SourceVersion "1"]
[SourceVersionDate "2012.11.12"]
[SourceQuality "1"]
[WhiteTeam "Greece"]
[BlackTeam "Brazil"]
[WhiteTeamCountry "GRE"]
[BlackTeamCountry "BRA"]

1. c4 Nf6 2. Nc3 c5 3. Nf3 e6 4. d4 cxd4 5. Nxd4 Nc6 6. e4 Bc5 7. Nxc6 dxc6 8. Qxd8+ Kxd8 9. Be3 Bxe3 10. fxe3 e5 11. Be2 Ke7 12. 0-0 Be6 13. h3 a6 14. c5 Rad8 15. Rad1 Rxd1 16. Rxd1 Nd7 17. b4 a5 18. a3 axb4 19. axb4 Ra8 20. Rd3 Nf6 21. g4 Bc4 22. Rd2 Ra3 23. Bxc4 Rxc3 24. Bd3 Rb3 25. b5 cxb5 26. Kf2 Nd7 27. Kf3 f6 28. Ke2 Nxc5 29. Bc2 Rb2 30. h4 b4 31. Kd1 b3 32. Bd3 Rxd2+ 33. Kxd2 Nxd3 34. Kxd3 Kd6 35. Kc3 Kc5 36. Kxb3 b5 37. Kc3 b4+ 38. Kb3 Kb5 39. g5 fxg5 40. hxg5 h5 41. gxh6 gxh6 0-1

[Event "IECC M1-2008.T77"]
[Site "IECC email"]
[Date "2008.10.09"]
[Round "?"]
[White "Hiaja, Herve"]
[Black "Prieto, Alfonso Polo"]
[Result "1-0"]
[WhiteElo "1325"]
[BlackElo "1206"]
[PlyCount "69"]
[EventDate "2008.??.??"]
[EventType "match (corr)"]
[EventRounds "2"]
[SourceTitle "Corr 2013"]
[Source "ChessBase"]
[SourceDate "2012.11.12"]
[SourceVersion "1"]
[SourceVersionDate "2012.11.12"]
[SourceQuality "1"]
[WhiteTeam "Russia"]
[BlackTeam "US of America"]
[WhiteTeamCountry "RUS"]
[BlackTeamCountry "USA"]

1. e4 d6 2. d4 Nf6 3. Bd3 Nc6 4. c3 g6 5. Nf3 Bg7 6. 0-0 0-0 7. h3 b6 8. Be3 e6 9. Qc2 Bb7 10. Nbd2 Qd7 11. Rfe1 Rfe8 12. Rad1 h6 13. Nf1 a6 14. e5 Nd5 15. Bc1 b5 16. a3 Qe7 17. Ng3 dxe5 18. dxe5 Nxe5 19. Nxe5 Qf6 20. Ng4 Qh4 21. Bxg6 fxg6 22. Qxg6 Ne7 23. Qxe6+ Kh8 24. Bxh6 Bxh6 25. Nxh6 Ng8 26. Nf7+ Kh7 27. Qf5+ Kg7 28. Nh5+ Qxh5 29. Qxh5 Nf6 30. Qf5 Be4 31. Rxe4 Rxe4 32. Ne5 Rxe5 33. Qxe5 Kg6 34. h4 Re8 35. Qg5+ 1-0

[Event "IECC M1-2008.T77"]
[Site "IECC email"]
[Date "2008.10.09"]
[Round "?"]
[White "Prieto, Alfonso Polo"]
[Black "Hiaja, Herve"]
[Result "0-1"]
[WhiteElo "1196"]
[BlackElo "1335"]
[PlyCount "76"]
[EventDate "2008.??.??"]
[EventType "match (corr)"]
[EventRounds "2"]
[SourceTitle "Corr 2013"]
[Source "ChessBase"]
[SourceDate "2012.11.12"]
[SourceVersion "1"]
[SourceVersionDate "2012.11.12"]
[SourceQuality "1"]
[WhiteTeam "Russia"]
[BlackTeam "US of America"]
[WhiteTeamCountry "RUS"]
[BlackTeamCountry "USA"]

1. c4 c5 2. Nc3 Nc6 3. Nf3 Nf6 4. d4 cxd4 5. Nxd4 g6 6. e4 d6 7. Nxc6 bxc6 8. h3 Bg7 9. Qf3 Bb7 10. Bf4 c5 11. 0-0-0 Rb8 12. Nd5 Nxd5 13. cxd5 Qa5 14. Qb3 0-0 15. Bd2 Qc7 16. Bc3 Ba6 17. Qc2 Bxc3 18. Qxc3 Bxf1 19. Rhxf1 Rb7 20. Rd2 Rfb8 21. f4 Rb4 22. Re1 Qa5 23. b3 Qb5 24. Kc2 c4 25. Re3 cxb3+ 26. axb3 a5 27. Qd3 Qb6 28. g4 a4 29. bxa4 Rxa4 30. Kd1 Qa5 31. Ke2 Ra1 32. Rd1 Rb2+ 33. Kf3 Rh2 34. Kg3 Raa2 35. Qb3 Rhg2+ 36. Kh4 Qd8 37. g5 h6 38. Rc1 hxg5+ 0-1